| Поле | Инд. | ПП | Название | Значение |
|---|---|---|---|---|
| Тип записи | a | |||
| Библиографический уровень | m | |||
| 001 | Контрольный номер | 3d9fd14f0afd40bdaeca15402281ab90 | ||
| 005 | Дата корректировки | 20220210081940.3 | ||
| 020 | a | ISBN | 978-5-9704-2860-3 | |
| 040 | a | Служба первич. каталог. | НБ ТвГУ | |
| b | Код языка каталог. | rus | ||
| e | Правила каталог. | PSBO | ||
| 041 | 0_ | a | Код языка текста | rus |
| 080 | a | Индекс УДК | 544.7(075.8) | |
| 084 | a | Индекс другой классификации/Индекс ББК | Г6я73-1 | |
| 090 | a | Полочн. индекс | Г6я73 | |
| x | Авторский знак | Е 80 | ||
| 097 | b | Оператор | Polyakova.IM | |
| 100 | 1_ | a | Автор | Ершов Юрий Алексеевич |
| e | Роль лиц | Автор | ||
| 245 | 10 | a | Заглавие | Коллоидная химия : физическая химия дисперсных систем |
| b | Продолж. заглавия | учебник для студентов учреждений высшего профессионального образования, обучающихся по специальности 060301 "Фармация" по дисциплине "Физическая и коллоидная химия" | ||
| c | Ответственность | Ю. А. Ершов | ||
| 246 | 00 | a | Другая форма заглавия | Физическая химия дисперсных систем |
| 260 | c | Дата издания | 2014 | |
| a | Место издания | Москва | ||
| b | Издательство | ГЭОТАР-Медиа | ||
| 300 | a | Объем | 351 с. | |
| b | Иллюстрации/ тип воспроизводства | ил.. портр., табл. | ||
| 520 | 0_ | a | Аннотация | В учебнике изложены основы физической химии дисперсных систем (коллоидной химии) в соответствии с примерной программой по дисциплине "Физическая и коллоидная химия" для специальности 060301 - Фармация. Издание предназначено для студентов и аспирантов, изучающих фармацевтические, медицинские, биологические и биотехнологические дисциплины, а также для преподавателей и научных сотрудников. |
| 653 | 0_ | a | Ключевые слова | Химия |
| a | Ключевые слова | Коллоидная химия | ||
| a | Ключевые слова | Физическая химия | ||
| a | Ключевые слова | Дисперсные системы | ||
| a | Ключевые слова | Учебники для вузов | ||
| 901 | t | Тип документа | m | |
| 910 | a | Гриф есть* | ||
| 920 | a | Оператор | Поля | |
| a | Оператор | Лиси | ||
| a | Оператор | Стро | ||
| 930 | a | Новая/Ретро | новая | |
| 952 | c | Вид литературы | К ру | |
| 954 | b | Дата поступления в ОК | 20220208 | |
| a | Дата поступления на обработку | 20220209 | ||
| c | Дата окончания ОНО | 20220210 |